Relationship Between the Product Delivery Process and Customer Satisfaction in Creative Industries: The Case Study of the Software Company

Analýza vzťahu medzi spokojnosťou zákazníkov a profitabilitou softvérovej spoločnosti. Analýza ukazuje pozitívny vzťah medzi skrátením procesu dodania produktu a spokojnosťou zákazníka, čo vedie k celkovému zvýšeniu príjmov.

Gespeichert in:
Bibliographische Detailangaben
1. Verfasser: Barteková, Mária, 1992-
Weitere Verfasser: Kintler, Jakub, 1979-, Centárová, Jana
Format: Buchkapitel
Sprache:Englisch
Schlagworte:
Tags: Tag hinzufügen
Keine Tags, Fügen Sie das erste Tag hinzu!

MARC

LEADER 00000naa$a2200000$$$4500
001 0254472
005 20240502074052.2
041 0 |a eng 
044 |a SK 
245 1 0 |a Relationship Between the Product Delivery Process and Customer Satisfaction in Creative Industries: The Case Study of the Software Company  |c Mária Barteková, Jakub Kintler, Jana Centárová 
520 |a Analýza vzťahu medzi spokojnosťou zákazníkov a profitabilitou softvérovej spoločnosti. Analýza ukazuje pozitívny vzťah medzi skrátením procesu dodania produktu a spokojnosťou zákazníka, čo vedie k celkovému zvýšeniu príjmov. 
610 2 0 |a priemysel kreatívny 
610 2 0 |a spokojnosť zákazníkov 
610 2 0 |a výnosy 
610 2 0 |a analýza dát 
610 2 0 |a produkty softvérové 
100 1 |a Barteková, Mária, 1992- 
700 1 |a Kintler, Jakub, 1979- 
700 1 |a Centárová, Jana